000 00685nam a22002057a 4500
999 _c9082
_d9082
003 AR-CdUCM
008 190327b ||||| |||| 00| 0 spa d
040 _aMUNICIPALIDAD PROVINCIAL DEL CUSCO
_cBIBLIOTECA MUNICIPAL DEL CUSCO
082 _a869.56 /
_bF84P / 1959
100 _aFrisancho Pineda, Ignacio
_913339
245 _aPoemas del corazón y del cerebro /
260 _a[Puno] :
_bTipografía "Los Andes",
_c1959.
300 _a44 páginas ;
_c22 cm.
500 _aImpresión artesanal.
650 _aPoesía peruana - Siglo XX
_914083
650 _aPoetas peruanos - Puno
_914986
650 _aPoesía contemporánea local
_925072
942 _2ddc
_cLIBROS
945 _alccs